[Event "Blackpool op 48th"]
[Site "Blackpool"]
[Date "2025.02.09"]
[Round "4"]
[White "Mcatear, Jacob B"]
[Black "Williamson, Roger G"]
[Result "1/2-1/2"]
[WhiteElo "1892"]
[BlackElo "2186"]
[PlyCount "95"]
[EventDate "2025.02.07"]
[EventType "swiss"]
[EventRounds "5"]
[EventCountry "ENG"]
[SourceTitle "CB07_2025"]
[SourceDate "2025.02.12"]
[SourceVersion "1"]
[SourceVersionDate "2025.02.12"]
[SourceQuality "1"]

1. e4 e5 2. d4 exd4 3. Nf3 Nc6 4. c3 Nf6 5. e5 Ne4 6. cxd4 d5 7. Bb5 Bb4+ 8. Bd2 Nxd2 9. Nbxd2 0-0 10. 0-0 Ne7 11. a3 Bxd2 12. Qxd2 Bg4 13. Qf4 Bxf3 14. Qxf3 f5 15. exf6 Rxf6 16. Qd3 Qd6 17. Rae1 Raf8 18. Qe3 Nf5 19. Qe5 Qxe5 20. dxe5 Rb6 21. Bd7 g6 22. g4 Ne7 23. f4 Rd8 24. e6 Kg7 25. b4 Rd6 26. h4 c6 27. h5 Kf6 28. Kg2 Kg7 29. h6+ Kf8 30. f5 gxf5 31. gxf5 Ng8 32. f6 R6xd7 33. e7+ Kf7 34. exd8Q Rxd8 35. Re3 Nxf6 36. Ref3 Rd6 37. Rg3 d4 38. Rg7+ Ke6 39. Rxb7 d3 40. Kf3 d2 41. Rd1 Rd3+ 42. Ke2 Rxa3 43. Rxd2 a5 44. bxa5 Rxa5 45. Rc2 Ra6 46. Rc7 Kd6 47. Rf7 Ke6 48. Rc7 1/2-1/2

[Event "Blackpool op 48th"]
[Site "Blackpool"]
[Date "2025.02.08"]
[Round "3"]
[White "Merriman, John"]
[Black "Mcatear, Jacob B"]
[Result "1/2-1/2"]
[WhiteElo "2216"]
[BlackElo "1892"]
[PlyCount "62"]
[EventDate "2025.02.07"]
[EventType "swiss"]
[EventRounds "5"]
[EventCountry "ENG"]
[SourceTitle "CB07_2025"]
[SourceDate "2025.02.12"]
[SourceVersion "1"]
[SourceVersionDate "2025.02.12"]
[SourceQuality "1"]

1. d4 Nf6 2. c4 b6 3. Nc3 Bb7 4. f3 d5 5. cxd5 Nxd5 6. e4 Nxc3 7. bxc3 e6 8. Bb5+ c6 9. Ba4 Be7 10. Ne2 0-0 11. 0-0 b5 12. Bc2 c5 13. Be3 Nd7 14. Qd3 c4 15. Qd2 e5 16. Rfd1 Qa5 17. d5 Ba3 18. Rab1 Rad8 19. Ng3 a6 20. f4 exf4 21. Bxf4 Rfe8 22. Kh1 Ne5 23. Rf1 f6 24. Nf5 Bc8 25. Nd4 Bd7 26. Qe3 Ng6 27. Bg3 Qb6 28. h4 Ne5 29. Qd2 Qc7 30. Bd1 Bd6 31. Bxe5 Rxe5 1/2-1/2